Bhāratīya nārī aura samāja. (Record no. 53949)

MARC details
000 -LEADER
fixed length control field 00503cam a22002171 4500
001 - CONTROL NUMBER
control field sa 63001409
003 - CONTROL NUMBER IDENTIFIER
control field DLC
005 - DATE AND TIME OF LATEST TRANSACTION
control field 20260227111927.0
008 - FIXED-LENGTH DATA ELEMENTS--GENERAL INFORMATION
fixed length control field 911023s1962 ii b 000 1 hino
010 ## - LIBRARY OF CONGRESS CONTROL NUMBER
LC control number sa 63001409
035 ## - SYSTEM CONTROL NUMBER
System control number (OCoLC)24611576
040 ## - CATALOGING SOURCE
Original cataloging agency DLC
Transcribing agency WaU
Modifying agency DLC
042 ## - AUTHENTICATION CODE
Authentication code premarc
050 00 - LIBRARY OF CONGRESS CALL NUMBER
Classification number PK2098.O45
Item number B45
100 0# - MAIN ENTRY--PERSONAL NAME
Personal name Omilal.
245 10 - TITLE STATEMENT
Title Bhāratīya nārī aura samāja.
260 ## - PUBLICATION, DISTRIBUTION, ETC.
Date of publication, distribution, etc. [1962]
300 ## - PHYSICAL DESCRIPTION
Extent 134 p.
Dimensions 18 cm.
500 ## - GENERAL NOTE
General note In Hindi.
500 ## - GENERAL NOTE
General note A novel.

No items available.

Powered by Koha